000 00693nam a22002297a 4500
001 BD-DhSAU 2212
003 BD-DhSAU
005 20150127100057.0
008 150127b2003 ii |||||r|||| 001 0 eng d
020 _a8179100359
040 _aBD-DhSAU
082 _222
_a632.9
_bPLA
245 _aPlant protection :
_ba biocontrol approach /
_cEdited by Pravin Chandra Trivedi.
260 _aJaipur :
_bAavishkar Publishers ,
_cc2003.
300 _axiv, 384 p. :
_bill. ;
_c25 cm.
504 _aInclude bibliographical references and index.
590 _ajoy
650 _aHorticulture.
650 _aPlant protection.
650 _aBiotechnological approach.
700 _aTrivedi, Pravin Chandra.
942 _2ddc
_cBOOK
999 _c2212
_d2212